000 00509nam a22001937a 4500
003 CEME
005 20210628205220.0
008 210208b xxu||||| |||| 00| 0 eng d
020 _a81-203-1004-7
040 _c.
082 _a621.3912 RAJ'I
100 _aRajaraman, J Radhakrishnan, T
_974444
245 _aAn introduction to digital computer design
250 _a4TH
260 _aNEWDELHI
_bPRENTICE HALL
_c1997
300 _aIX, 522P
650 _aDIGITAL COMPUTER DESIGN
_974445
942 _cBK
_2ddc
999 _c579973
_d579973